Sports Quiz

Random Sports Quiz

Champions League Top Scorers Quiz Stats

Quiz not verified by Sporcle

Challenge
Share
Tweet
Embed
Score 0/10 Timer 05:00
0 Plays Today
Hint Team % Correct
Real Madrid
99.6%
Barcelona
98.5%
Manchester United
96.5%
Bayern Munich
94.5%
Juventus
92.5%
Arsenal
91.5%
Chelsea
91.3%
AC Milan
87.4%
Porto
56.8%
Lyon
43.5%

You're not logged in!

Compare scores with friends on all Sporcle quizzes.
Join for Free
OR
Log In

You Might Also Like...

Show Comments

Extras

Top Quizzes Today


Score Distribution

Your Account Isn't Verified!

In order to create a playlist on Sporcle, you need to verify the email address you used during registration. Go to your Sporcle Settings to finish the process.

Report this User

Report this user for behavior that violates our Community Guidelines.

Details: